000 00461nam a2200181Ia 4500
005 20250508163500.0
008 008 250505s9999 xx 000 0 eng d
037 _aTextual
040 _aFEDL
_beng
_cFEDL
041 _aeng
_2eng
084 _a372, ADE
_qFEDL
100 _aAdesina Segun
_9775429
245 0 _aSome aspects of school management
260 _c1980
300 _a196p.
942 _cTEXL
_h372, ADE
999 _c1383584
_d1383584